000 00839nam a22002777a 4500
001 BR7324026
003 BR-BrBNA
005 20230928084338.0
007 ta
008 230509b bl.||||| |||| 00| 0 por d
040 _aBR-BrBNA
_bpor
_cBiblioteca Nacional de Agricultura
041 _a(Por)
072 _aE70
_b9000
_b/G514
090 _ 9000 BR7324026
110 1 _aSuperintendencia do Desenvolvimento do Nordeste, Recife, PE (Brasil). Div. de Abastecimento e Financiamento da Producao
245 1 _aComercializacao de alimentos na cidade do Recife, dados estatisticos 1970 [Brasil]
260 3 _aRecife, PE (Brasil):
_c1971.
300 _a154 p.
500 _aNumerical data
650 _aALIMENTO
650 _aPRECO
650 _aRECIFE
650 _aPERNAMBUCO
909 _a202309
_bLucia
_c55
_dLucia Elande
942 _cBK
999 _c18311
_d18311